01427 a2200241 4500001000700000020001800007040003200025100002000057245002000077250001300097260001300110300004400123362000900167490003500176520082200211650001201033650002501045650002401070650002501094650002101119650003201140650001301172128072 a9780064407687 cEscola Canadense de Niteroi aSnicket, Lemony10aThe wide window a1st. ed. aNew York a214 p.c5 x 0.87 x 7 inches (hardcover)0 a20000 aA Series Of Unfortunate Events aDear Reader, If you have not read anything about the Baudelaire orphans, then before you read even one more sentence, you should know this: Violet, Klaus, and Sunny are kindhearted and quick-witted, but their lives, I am sorry to say, are filled with bad luck and misery. All of the stories about these three children are unhappy and wretched, and this one may be the worst of them all. If you haven't got the stomach for a story that includes a hurricane, a signalling device, hungry leeches, cold cucumber soup, a horrible villain, and a doll named Pretty Penny, then this book will probably fill you with despair. I will continue to record these tragic tales, for that is what I do. You, however, should decide for yourself whether you can possibly endure this miserable story. With all due respect, Lemony Snicket 4aOrphans 4aBrothers and Sisters 4aAction or Adventure 4aJuvenile Literature  4aHumorous stories 4aMystery, Thriller or Terror 4aTv Shows